000 00313nam a2200121Ia 4500
008 220204s9999 xx 000 0 und d
082 _a002.71041
_bBER
100 _aBerko, Roy M
245 0 _aCommunicating: A social and career focus
260 _aLondon
_bHoughton
_c1977
650 _aCommunication
942 _cBK
999 _c26743
_d26743